Triết lý giáo dục của John Dewey hướng đến phát triển con người và những điểm gợi mở cho nền giáo dục ở Việt Nam hiện nay /

Salvato in:
Dettagli Bibliografici
Autore principale: Nguyễn Vũ Hảo.
Natura: Articolo
Lingua:Vietnamese
Soggetti:
Tags: Aggiungi Tag
Nessun Tag, puoi essere il primo ad aggiungerne! !
Thư viện lưu trữ: Thư viện Trường Đại học Đà Lạt
LEADER 00939nam a2200277 4500
001 DLU180000014
005 ##20180129
040 # # |a DLU  |b vie 
041 # # |a vie 
044 # # |a vn 
100 # # |a Nguyễn Vũ Hảo. 
245 # # |a Triết lý giáo dục của John Dewey hướng đến phát triển con người và những điểm gợi mở cho nền giáo dục ở Việt Nam hiện nay /  |c Nguyễn Vũ Hảo. 
653 # # |a Giáo dục truyền thống 
653 # # |a Mục tiêu giáo dục 
653 # # |a Phương pháp giáo dục 
773 # # |t Tạp chí Nghiên cứu Con người = Human Studies  |g Số 1(76), 2015, tr. 28-38 
920 # # |a Phòng Tạp chí -- Trung tâm Thông tin - Thư viện Trường Đại học Đà Lạt 
933 # # |a XH 
994 # # |a DLU 
900 # # |a True 
911 # # |a Hoàng Thị Huyền 
925 # # |a G 
926 # # |a A 
927 # # |a BB 
980 # # |a Thư viện Trường Đại học Đà Lạt